Tratados internacionales que aplica la justicia dominicana: con juriprudencia sobre derechos humanos / Brezhnev R. Jiménez (Registro nro. 18244)

Detalles MARC
000 -LEADER
fixed length control field 00603nam a22001811a 4500
001 - CONTROL NUMBER
control field 18244
003 - CONTROL NUMBER IDENTIFIER
control field OSt
005 - DATE AND TIME OF LATEST TRANSACTION
control field 20260204212356.0
008 - FIXED-LENGTH DATA ELEMENTS--GENERAL INFORMATION
fixed length control field 170513s2007||||dr ||||||b||||||||||spa||
082 ## - DEWEY DECIMAL CLASSIFICATION NUMBER
Classification number RD 341.1 J564t
100 ## - ASIENTO PRINCIPAL -- NOMBRE PERSONAL
Personal name Jiménez, Brezhnev R.
245 ## - TÍTULO PROPIAMENTE DICHO: SUBTÍTULO
Title Tratados internacionales que aplica la justicia dominicana: con juriprudencia sobre derechos humanos / Brezhnev R. Jiménez
264 ## - PRODUCTION, PUBLICATION, DISTRIBUTION, MANUFACTURE, AND COPYRIGHT NOTICE
Place of production, publication, distribution, manufacture Santo Domingo : Librería jurídica internacional
300 ## - PHYSICAL DESCRIPTION
Extensión 263 p.
500 ## - GENERAL NOTE
General note Incluye Bibliografía
650 ## - ASIENTO SECUNDARIO DE MATERIA -- TERMINO TEMÁTICO
Termino Temático Como Elemento de Entrada 1.TRATADOS BILATERALES 2. RELACIONES INTERNACIONALESÌ
942 ## - ADDED ENTRY ELEMENTS (KOHA)
Source of classification or shelving scheme Dewey Decimal Classification
Koha item type Libros
Existencias
Withdrawn status Lost status Source of classification or shelving scheme Damaged status Not for loan Current library Date acquired Total Checkouts Full call number Barcode Date last seen Price effective from Koha item type
    Dewey Decimal Classification     Biblioteca UTECO 09/09/2019   RD 341.1 J564T 017055 09/09/2019 09/09/2019 Libros
    Dewey Decimal Classification     Biblioteca UTECO 09/09/2019   RD 341.1 J564T 017056 09/09/2019 09/09/2019 Libros
    Dewey Decimal Classification     Biblioteca UTECO 09/09/2019   RD 341.1 J564T 017057 09/09/2019 09/09/2019 Libros
© 2021 Derechos Reservados UTECO - Teléfono: +1 809-585-2291 - Correo electrónico: biblioteca@uteco.edu.do​  
Código postal 43000 ​​
Dirección: Avenida Universitaria No. 100, 
Cotuí, Provincia Sánchez Ramírez, República Dominicana - RNC: 404-00059-6